| 000 | 00578cam a22002052 4500 | ||
|---|---|---|---|
| 001 | 0000019713 | ||
| 005 | 20151217155902.0 | ||
| 008 | 110121s xx 000 0 eng d | ||
| 020 | _a9966497048 : | ||
| 040 |
_aKABU _cKABU |
||
| 100 | 1 |
_aMohamed, Said A. _@0000152151 |
|
| 245 | 1 | 0 |
_a'Sikate tamaa / _cSaid, A. Mohamed. |
| 250 | _a1st ed. | ||
| 260 |
_aNairobi, Kenya : _bLonghorn, _c1980. |
||
| 300 | _axviii p. | ||
| 650 | 0 |
_aSwahili literature. _@0000178735 |
|
| 852 | 1 | _9p180 KES | |
| 908 | _a110121 | ||
| 950 | _@1 | ||
| 999 |
_c13718 _d13718 |
||